000 01447nam0a2200349 i 4500
001 RU\NLR\BIBL_A\010353263
005 20240921165521.0
010 _a9785160096988
_bprint
_980
021 _aRU
_b14-14095
035 _a(NILC)RuMoRGB-006753037
035 _a(NLR Aleph) 010353263
090 _a10754448
_c10754448
100 _a20140505d2014 km y0rusy50 ca
101 0 _arus
102 _aRU
105 _aa|||z||||||||
200 1 _aМеханизм комплексной оценки и управления рисками предприятий промышленности
_eмонография
_fМ. Р. Дзагоева, А. Р. Цховребов, Л. Э. Комаева
210 _aМосква
_cИНФРА-М
_d2014
215 _a118, [2] с.
_cил.
_d21
225 2 _aНаучная мысль
_iМенеджмент
320 _aБиблиогр.: с. 104-113 (175 назв.)
606 1 _aПромышленные предприятия
_xРиски
_xУправление
_92477783
_3RU\NLR\AUTH\6601687841
686 1 _aУ30(2)-13
700 1 _aДзагоева
_bМ. Р.
_gМарина Руслановна
701 1 _aЦховребов
_bА. Р.
_gАлан Робизонович
701 1 _aКомаева
_bЛ. Э.
_gЛиана Эдуардовна
801 0 _aRU
_bRuMoRKP
_c20140303
_gRCR
801 2 _aRU
_bРГБ
_c20140321
_grcr
942 _cBOOK
980 _aNBR